[Event "POL-ch U16 Girls"]
[Site "Sypniewo"]
[Date "2022.03.25"]
[Round "7"]
[White "Janikowska, Wiktoria"]
[Black "Obrochta, Lena"]
[Result "0-1"]
[WhiteElo "1564"]
[BlackElo "1685"]
[PlyCount "82"]
[EventDate "2022.03.19"]
[EventType "swiss"]
[EventRounds "9"]
[EventCountry "POL"]
[SourceTitle "CBM 207 Extra"]
[Source "ChessBase"]
[SourceDate "2022.05.31"]
[SourceVersion "1"]
[SourceVersionDate "2022.05.31"]
[SourceQuality "1"]

1. c4 e5 2. d3 Nf6 3. Nf3 Nc6 4. a3 d5 5. cxd5 Nxd5 6. e3 Be7 7. b4 Bf6 8. Ra2 a6 9. Rc2 0-0 10. Bb2 Nb6 11. Nc3 Bf5 12. Be2 Qe7 13. 0-0 Rad8 14. Rd2 e4 15. dxe4 Bxe4 16. Nd4 Nxd4 17. exd4 Bg6 18. Kh1 c6 19. Na4 Nxa4 20. Qxa4 Bg5 21. Qd1 Bxd2 22. Qxd2 Rfe8 23. Bc4 b5 24. Bb3 Qe2 25. Qxe2 Rxe2 26. Bc3 Bc2 27. Ba2 Rde8 28. h3 h6 29. Kh2 Bd3 30. Rd1 Rxa2 31. Rxd3 Rxa3 32. Rg3 g6 33. Rf3 Re2 34. Kg3 Rc2 35. Be1 Rxf3+ 36. Kxf3 Kf8 37. Ke3 Ke7 38. Kd3 Rc4 39. Bc3 Ke6 40. g4 Kd5 41. f3 g5 0-1

[Event "POL-ch U16 Girls"]
[Site "Sypniewo"]
[Date "2022.03.20"]
[Round "2"]
[White "Walendykiewicz, Martyna"]
[Black "Janikowska, Wiktoria"]
[Result "1/2-1/2"]
[WhiteElo "1224"]
[BlackElo "1564"]
[PlyCount "94"]
[EventDate "2022.03.19"]
[EventType "swiss"]
[EventRounds "9"]
[EventCountry "POL"]
[SourceTitle "CBM 207 Extra"]
[Source "ChessBase"]
[SourceDate "2022.05.31"]
[SourceVersion "1"]
[SourceVersionDate "2022.05.31"]
[SourceQuality "1"]

1. e4 c5 2. Nf3 d6 3. d4 cxd4 4. Nxd4 Nf6 5. Nc3 a6 6. Be3 e5 7. Nf3 Be7 8. Bd3 0-0 9. h3 b5 10. 0-0 Bb7 11. a3 Nbd7 12. Bg5 h6 13. Bxf6 Bxf6 14. Nh2 Nb6 15. Ng4 Rc8 16. Qf3 Bg5 17. Ne3 Bxe3 18. Qxe3 Qc7 19. Rfe1 Rfe8 20. Rad1 Re6 21. Rd2 Rd8 22. Red1 Qc5 23. Qxc5 dxc5 24. Be2 Rd4 25. f3 Red6 26. Rxd4 Rxd4 27. b3 Kf8 28. Kf2 Ke7 29. Kg3 g6 30. Kf2 Ke6 31. g4 f6 32. Ke1 c4 33. Nb1 Rxd1+ 34. Kxd1 cxb3 35. cxb3 Nd7 36. b4 f5 37. Nd2 fxg4 38. hxg4 Kf6 39. Ke1 Nf8 40. Nb3 Ne6 41. Kf2 Bc8 42. Kg3 h5 43. Bd1 hxg4 44. Kxg4 Nc5+ 45. Kg3 Na4 46. Be2 Be6 47. Nd2 Nc3 1/2-1/2

[Event "POL-ch U14 Girls"]
[Site "Uniejow"]
[Date "2021.07.25"]
[Round "9"]
[White "Janikowska, Wiktoria"]
[Black "Nieckarz, Maja"]
[Result "1-0"]
[WhiteElo "1610"]
[BlackElo "1430"]
[PlyCount "53"]
[EventDate "2021.07.18"]
[EventType "swiss"]
[EventRounds "9"]
[EventCountry "POL"]
[SourceTitle "EXT 2022"]
[Source "ChessBase"]
[SourceDate "2021.10.06"]
[SourceVersion "1"]
[SourceVersionDate "2021.10.06"]
[SourceQuality "1"]

1. e4 c5 2. Ne2 d6 3. g3 g6 4. c3 Bg7 5. d4 cxd4 6. cxd4 Nc6 7. d5 Ne5 8. Bg2 Bg4 9. 0-0 Bf3 10. Qa4+ Qd7 11. Qxd7+ Kxd7 12. Bxf3 Nxf3+ 13. Kg2 Ne5 14. Nbc3 e6 15. Rd1 exd5 16. Rxd5 Ne7 17. Rd1 a6 18. f4 Nc4 19. b3 Nb6 20. Ba3 d5 21. Rac1 Ke6 22. Bc5 Nbc8 23. Nxd5 Nxd5 24. Rxd5 b6 25. f5+ gxf5 26. Nf4+ Kf6 27. Rxf5# 1-0

[Event "POL-ch U14 Girls"]
[Site "Uniejow"]
[Date "2021.07.23"]
[Round "7"]
[White "Janikowska, Wiktoria"]
[Black "Slusarczyk, Anna"]
[Result "0-1"]
[WhiteElo "1610"]
[BlackElo "1464"]
[PlyCount "142"]
[EventDate "2021.07.18"]
[EventType "swiss"]
[EventRounds "9"]
[EventCountry "POL"]
[SourceTitle "EXT 2022"]
[Source "ChessBase"]
[SourceDate "2021.10.06"]
[SourceVersion "1"]
[SourceVersionDate "2021.10.06"]
[SourceQuality "1"]

1. c4 e5 2. Nc3 d6 3. g3 f5 4. d3 Nf6 5. e3 Be7 6. Bg2 c6 7. Nge2 0-0 8. 0-0 Na6 9. a3 Nc7 10. b4 Qe8 11. Bb2 Bd7 12. Qc2 Qh5 13. f3 Rae8 14. Bh1 Ne6 15. Nc1 f4 16. exf4 exf4 17. Ne4 Nxe4 18. dxe4 fxg3 19. hxg3 Ng5 20. Bg2 Nxf3+ 21. Rxf3 Rxf3 22. Bxf3 Qxf3 23. Qc3 Qd1+ 24. Kg2 Bf6 25. Qd3 Qxd3 26. Nxd3 Bxb2 27. Nxb2 Rxe4 28. Kf3 Rd4 29. Ke3 Rg4 30. Kf3 h5 31. Rh1 g6 32. Rd1 d5 33. cxd5 cxd5 34. Nd3 Rxb4 35. Nxb4 Bg4+ 36. Kf4 Bxd1 37. Nxd5 Bb3 38. Ne7+ Kg7 39. Kg5 Bc2 40. Nc8 a6 41. Nd6 b6 42. Nc4 b5 43. Nd6 Kf8 44. Kf6 Bd3 45. Nb7 Ke8 46. Nc5 Bf5 47. Nxa6 Kd7 48. Ke5 Kc6 49. Kd4 Kd6 50. Nb4 g5 51. Nd5 h4 52. gxh4 gxh4 53. Nf4 h3 54. Ne2 h2 55. Ng3 Bc8 56. Kc3 Bb7 57. Kd4 Bg2 58. Nf5+ Kc6 59. Ng3 Kb6 60. Kc3 Ka5 61. Kb3 Bd5+ 62. Kc3 Ka4 63. Kb2 h1Q 64. Nxh1 Bxh1 65. Ka2 Bd5+ 66. Kb2 Be6 67. Kb1 Kxa3 68. Ka1 b4 69. Kb1 b3 70. Ka1 b2+ 71. Kb1 Bf5# 0-1

[Event "POL-chT blitz (Women)"]
[Site "Szczawno Zdroj"]
[Date "2018.12.15"]
[Round "8.6"]
[White "Janikowska, Wiktoria"]
[Black "Fassa, Anna"]
[Result "1-0"]
[WhiteElo "1266"]
[BlackElo "2059"]
[PlyCount "87"]
[EventDate "2018.12.15"]
[EventType "team-swiss"]
[EventRounds "11"]
[EventCountry "POL"]
[SourceTitle "CBM 187 Extra"]
[Source "ChessBase"]
[SourceDate "2018.11.04"]
[SourceVersion "1"]
[SourceVersionDate "2018.11.04"]
[SourceQuality "1"]

1. e4 c5 2. Nf3 Nc6 3. d4 cxd4 4. Nxd4 Nf6 5. Nc3 e5 6. Ndb5 d6 7. Bg5 a6 8. Na3 Be6 9. Nc4 Rc8 10. Nd5 Bxd5 11. exd5 Ne7 12. Bxf6 gxf6 13. Qd2 h5 14. Qe3 Nxd5 15. Qe4 Rc5 16. Rd1 b5 17. Rxd5 bxc4 18. Rxc5 dxc5 19. Qc6+ Qd7 20. Qxd7+ Kxd7 21. Bxc4 Ke7 22. Bxa6 Bh6 23. Bc4 Rb8 24. b3 Rd8 25. 0-0 Rd2 26. Bd3 Ke6 27. Rb1 f5 28. Ra1 e4 29. Bc4+ Kf6 30. c3 Rc2 31. a4 Rxc3 32. a5 Bf8 33. a6 Bd6 34. a7 e3 35. fxe3 Rxe3 36. a8Q Be5 37. Ra6+ Kg5 38. Qg8+ Kf4 39. g3+ Kf3 40. Bd5+ Ke2 41. Ra2+ Kd3 42. Bc4+ Kd4 43. Qd8+ Ke4 44. Qd5# 1-0

[Event "POL-chT blitz (Women)"]
[Site "Szczawno Zdroj"]
[Date "2018.12.15"]
[Round "11.6"]
[White "Plichta, Olga"]
[Black "Janikowska, Wiktoria"]
[Result "1-0"]
[WhiteElo "1302"]
[BlackElo "1266"]
[PlyCount "151"]
[EventDate "2018.12.15"]
[EventType "team-swiss"]
[EventRounds "11"]
[EventCountry "POL"]
[SourceTitle "CBM 187 Extra"]
[Source "ChessBase"]
[SourceDate "2018.11.04"]
[SourceVersion "1"]
[SourceVersionDate "2018.11.04"]
[SourceQuality "1"]

1. e4 c5 2. Nc3 Nc6 3. f4 e6 4. Nf3 Nge7 5. d3 d5 6. exd5 Nxd5 7. Nxd5 exd5 8. g3 Bg4 9. Bg2 Qe7+ 10. Qe2 Qxe2+ 11. Kxe2 Nd4+ 12. Kf2 Bxf3 13. Bxf3 Nxf3 14. Kxf3 0-0-0 15. Re1 Bd6 16. Bd2 Rhe8 17. c4 dxc4 18. dxc4 Bc7 19. Bc3 f6 20. Rxe8 Rxe8 21. Rd1 Rd8 22. Re1 b6 23. Re7 Rd7 24. Re2 Bd6 25. a3 Kc7 26. b4 cxb4 27. axb4 Kc6 28. Bd2 Re7 29. Rf2 a6 30. Bc3 Kc7 31. Rd2 Rd7 32. c5 bxc5 33. bxc5 Bxc5 34. Rc2 Kb6 35. Rb2+ Kc6 36. Ra2 Rd3+ 37. Ke4 Rxc3 38. Rxa6+ Kb5 39. Ra8 Re3+ 40. Kf5 Bd4 41. Rg8 g6+ 42. Kg4 Re2 43. h4 Bf2 44. Rg7 h5+ 45. Kf3 Rc2 46. Rxg6 Be1 47. Rxf6 Rc3+ 48. Ke2 Bxg3 49. Rf5+ Rc5 50. Rf6 Bxh4 51. Rh6 Bg3 52. Kf3 Bh2 53. Rh7 Bg1 54. Kg2 Bd4 55. Kf3 Kc4 56. Ke4 Bc3 57. f5 Re5+ 58. Kf4 Kd4 59. Rxh5 Kd3 60. Rh3+ Kd4 61. Kg5 Bd2+ 62. Kg6 Ke4 63. f6 Rg5+ 64. Kf7 Ke5 65. Rh2 Rf5 66. Re2+ Kf4 67. Rxd2 Kg5 68. Rd6 Kh6 69. Kf8 Kh7 70. f7 Re5 71. Rd7 Kg6 72. Re7 Rf5 73. Ke8 Kf6 74. f8Q+ Kg6 75. Rg7+ Kh5 76. Qh8# 1-0